| 000 | 00823nmc a2200325 a 4500 | ||
|---|---|---|---|
| 003 | AR-BaBNM | ||
| 005 | 20251128203935.0 | ||
| 008 | 235119s1990 ||||||||||||||000 | spa|| | ||
| 020 | _a84-7046-094-3 | ||
| 040 | _cAR-BaBNM | ||
| 100 | 1 | _aAlonso, Rosa | |
| 245 | 1 | 0 | _aEl fin del imperio romano |
| 260 |
_aMadrid _bCincel-Kapelusz _c1990 |
||
| 300 | 0 | _a61 p. | |
| 490 | 0 |
_aCuadernos de estudio. Historia universal _v11 |
|
| 650 | 4 | _aHISTORIA ANTIGUA | |
| 650 | 4 | _aMODOS DE PRODUCCION | |
| 650 | 4 | _aESCLAVITUD | |
| 650 | 4 | _aFEUDALISMO | |
| 650 | 4 | _aHISTORIA ECONOMICA | |
| 650 | 4 | _aHISTORIA SOCIAL | |
| 650 | 4 | _aINVASION | |
| 651 | 4 | _aRoma | |
| 651 | 4 | _aAlemania | |
| 653 | 0 | _aHISTORIA ROMANA | |
| 653 | 0 | _aIMPERIO ROMANO | |
| 800 | 1 |
_aTraversoni, Alfredo _edirector |
|
| 942 | _cBK | ||
| 998 | _cHector | ||
| 999 |
_c5553 _d5553 |
||